|
|
|
|
| LEADER |
00000nkm a2200000 a 4500 |
| 001 |
vtls011966394 |
| 003 |
SK-MaSNL |
| 005 |
20260512123729.0 |
| 007 |
kp bo |
| 008 |
240131q1961 xo g kuslo |
| 015 |
|
|
|a SNBG1961
|
| 035 |
|
|
|a urn:nbn:sk:snk-km00e9b1
|
| 035 |
|
|
|a urn:nbn:sk:snk-km43hv4
|
| 035 |
|
|
|a 6C00E8D3-A323-47FE-B6F9-02BE8EC7B1F8
|
| 040 |
|
|
|a SNK
|b slo
|c SNK
|e AACR2
|
| 041 |
0 |
|
|a slo
|
| 043 |
|
|
|a e-xo---
|
| 044 |
|
|
|a xo
|c SK
|
| 072 |
|
7 |
|a 908(437)
|x Vlastiveda Česka a Slovenska
|2 konspekt
|
| 080 |
|
|
|a 908(437.6)
|2 2011
|
| 080 |
|
|
|a 633.2.03
|2 2011
|
| 080 |
|
|
|a (084.121)
|2 2011
|
| 080 |
|
|
|a 911.2(23.0)
|2 2011
|
| 080 |
|
|
|a 640.412
|2 2011
|
| 245 |
0 |
0 |
|a Hotel pri Dobšinskej ľadovej jaskyni
|h grafika
|b V pozadí Ostrá skala a Kráľova hoľa
|
| 260 |
|
|
|a Bratislava
|b Slovenské vydavateľstvo politickej literatúry
|c [1961?]
|
| 300 |
|
|
|a 1 pohľadnica
|b čiernobiela
|c 11 x 15 cm
|
| 520 |
8 |
|
|a Zobrazenie: Pohľad na zasneženú krajinu z výšky. Vpravo vidno hotel a reštauráciu v jednej budove pred vstupom do Dobšinskej ľadovej jaskyne. V popredí vidno niekoľko ihličnatých stromov, v pozadí je vidno lúky a hory so skalami
|
| 650 |
0 |
7 |
|a hory
|2 SNKPH
|9 55651
|
| 650 |
0 |
7 |
|a lúky
|2 SNKPH
|9 3676
|
| 650 |
0 |
7 |
|a hotely
|2 SNKPH
|9 18422
|
| 651 |
|
7 |
|a Dobšiná (Slovensko)
|2 SNKPHgeo
|9 26940
|
| 655 |
|
7 |
|a geografické pohľadnice
|2 SNKPH
|9 70522
|
| 852 |
|
|
|a Slovenská národná knižnica
|
| 958 |
|
|
|a GBN
|
| 958 |
|
|
|a GC
|
| 958 |
|
|
|a OND
|
| 958 |
|
|
|a EUIPO
|
| 999 |
|
|
|c 779809
|d 781739
|
| 952 |
|
|
|a SNK
|b SNK
|y PREZ
|7 0
|p 17A1220216
|o snkSP 10674
|z Pohľadnica prešla poštou.
|0 0
|1 0
|4 0
|d 2020-05-13
|f 1
|l 0
|r 2026-02-24 01:01:29
|w 2026-02-24
|